00268 a2200121 4500001000700000020001800007040001100025100002400036240003700060245003200097300000800129362000900137185993 a85-10-03571-7 cMagnum aGonçalves, Marcos10aPassaporte para geografia 1lpor10aPassaporte para geografia 1 a1440 a2005